00748nam a2200181Ia 4500008004100000020001500041041001200056082001600068100001500084245005100099260004100150300000800191650001500199942000700214999001500221952016000236952017000396221030s9999 xx 000 0 und d a8185749612 aEnglish a105.23bGil aP. S. Gill 0aEngineering Graphics & Draftingcby P. S. Gill bS.K.Kataria & SonsaNew Delhic2001 a826 aMechanical cBK c7641d7641 pBE 4367g195.00l0o105.23 Gilr2024-06-13 00:00:00w2022-10-30yBK003Print4071aMIETLIBbMIETLIBcBL-Second, FL-1, CUP-1, SH-4, R-4d2001-12-1110HBE pBE 4368g195.00l0o105.23 Gilr2024-06-13 00:00:00w2022-10-30yBK003Print4070aMIETLIBbMIETLIBcBL-Academic Block C, FL-2, CUP-2, SH-4, R-4d2001-12-1110HBE